Subramania Bharati (Record no. 2830)
[ view plain ]
| 000 -LEADER | |
|---|---|
| fixed length control field | 00528cam a2200205ua 4500 |
| 001 - CONTROL NUMBER | |
| control field | 2984 |
| 005 - DATE AND TIME OF LATEST TRANSACTION | |
| control field | 20260515113621.0 |
| 008 - FIXED-LENGTH DATA ELEMENTS--GENERAL INFORMATION | |
| fixed length control field | 110921n ii |||gr||||Z||||||asm |
| 040 ## - CATALOGING SOURCE | |
| Transcribing agency | MAIN |
| 082 ## - DEWEY DECIMAL CLASSIFICATION NUMBER | |
| Classification number | 920 |
| 100 1# - MAIN ENTRY--PERSONAL NAME | |
| Personal name | Nandakumar, Prem, |
| Relator term | Author. |
| 245 11 - TITLE STATEMENT | |
| Title | Subramania Bharati |
| Statement of responsibility, etc. | by Prem Nandakumar |
| 250 ## - EDITION STATEMENT | |
| Edition statement | 1st. |
| 260 ## - PUBLICATION, DISTRIBUTION, ETC. | |
| Place of publication, distribution, etc. | New Delhi: |
| Name of publisher, distributor, etc. | National book trust,990. |
| 300 ## - PHYSICAL DESCRIPTION | |
| Extent | 109p: |
| Dimensions | 23cm. |
| 653 ## - INDEX TERM--UNCONTROLLED | |
| Uncontrolled term | Biography |
| 653 ## - INDEX TERM--UNCONTROLLED | |
| Uncontrolled term | Biography of Subramania Bharati |
| 700 1# - ADDED ENTRY--PERSONAL NAME | |
| Personal name | Mahanta, Keshaba, |
| Relator term | Editor. |
| 942 ## - ADDED ENTRY ELEMENTS (KOHA) | |
| Koha item type | Books |
| Withdrawn status | Lost status | Damaged status | Not for loan | Home library | Current library | Shelving location | Date acquired | Total checkouts | Full call number | Barcode | Date last seen | Copy number | Price effective from | Koha item type |
|---|---|---|---|---|---|---|---|---|---|---|---|---|---|---|
| Naharkatiya College Library | Naharkatiya College Library | General stacks | 09/19/2020 | 920 | NAN | 10747 | 09/19/2020 | 1 | 09/19/2020 | Books |